000 00649nam a2200241Ia 4500
003 OSt
005 20221005123056.0
006 a|||||r|||| 00| 0
007 ta
008 221004b |||||||| |||| 00| 0 ben d
020 _a8186806539 (hbk)
_c90
024 _a723
037 _b23, 20/03/2009, Mukta Dhara
_cTextual
040 _aCRL
_cCRL
_bben
041 _2ben
_aben
082 _aO1579(Y11)x, N9
100 _aGhosh Subodh
245 0 _aKishore galpo
260 _c1999
650 _aBENGALI LITERATURE
942 _hO1579(Y11)x, N9
_cTEXL
_2cc
999 _c1046306
_d1046306